The History of Diplomatic Immunity / (Record no. 14790)
[ view plain ]
| 000 -LEADER | |
|---|---|
| fixed length control field | 01189cam a2200277 a 4500 |
| 001 - CONTROL NUMBER | |
| control field | 1671472 |
| 005 - DATE AND TIME OF LATEST TRANSACTION | |
| control field | 19990225141955.6 |
| 008 - FIXED-LENGTH DATA ELEMENTS--GENERAL INFORMATION | |
| fixed length control field | 980619s1999 ohua b 001 0 eng |
| 010 ## - LIBRARY OF CONGRESS CONTROL NUMBER | |
| LC control number | 98033624 |
| 020 ## - INTERNATIONAL STANDARD BOOK NUMBER | |
| International Standard Book Number | 0814207405 (alk. paper) |
| 020 ## - INTERNATIONAL STANDARD BOOK NUMBER | |
| International Standard Book Number | 9780814207406 |
| 040 ## - CATALOGING SOURCE | |
| Original cataloging agency | DLC |
| Transcribing agency | DLC |
| Modifying agency | DLC |
| 050 00 - LIBRARY OF CONGRESS CALL NUMBER | |
| Classification number | KZ4078 |
| Item number | .F74 1999 |
| 082 00 - DEWEY DECIMAL CLASSIFICATION NUMBER | |
| Classification number | 341.33 |
| Edition number | 21 |
| Item number | FRE |
| 100 1# - MAIN ENTRY--PERSONAL NAME | |
| Personal name | Frey, Linda. |
| 9 (RLIN) | 20621 |
| 245 14 - TITLE STATEMENT | |
| Title | The History of Diplomatic Immunity / |
| Statement of responsibility, etc | Linda S. Frey & Marsha L. Frey. |
| 260 ## - PUBLICATION, DISTRIBUTION, ETC. (IMPRINT) | |
| Place of publication, distribution, etc | Columbus [Ohio] : |
| Name of publisher, distributor, etc | Ohio State University Press, 1999 |
| Date of publication, distribution, etc | c1999. |
| 300 ## - PHYSICAL DESCRIPTION | |
| Extent | xiii, 727 p. : |
| Other physical details | ill. ; |
| Dimensions | 24 cm. |
| 504 ## - BIBLIOGRAPHY, ETC. NOTE | |
| Bibliography, etc | Includes bibliographical references (p. 615-687) and index. |
| 650 #0 - SUBJECT ADDED ENTRY--TOPICAL TERM | |
| Topical term or geographic name as entry element | Diplomatic privileges and immunities |
| General subdivision | History. |
| 9 (RLIN) | 20622 |
| 700 1# - ADDED ENTRY--PERSONAL NAME | |
| Personal name | Frey, Marsha. |
| 9 (RLIN) | 20623 |
| 942 ## - ADDED ENTRY ELEMENTS (KOHA) | |
| Source of classification or shelving scheme | Dewey Decimal Classification |
| Item type | Book - Borrowing |
| Withdrawn status | Item status | Source of classification or shelving scheme | Damaged status | Not for loan | Vendor | Home library | Current library | Shelving location | Date acquired | Source of acquisition | Total Checkouts | Total Renewals | Full call number | Barcode | Date last seen | Date last borrowed | Koha item type |
|---|---|---|---|---|---|---|---|---|---|---|---|---|---|---|---|---|---|
| Dewey Decimal Classification | Baccah | Central Library | Central Library | First floor | 25/10/2010 | 2 | 4 | 341.33 FRE | 000021945 | 15/07/2025 | 10/04/2016 | Book - Borrowing | |||||
| Dewey Decimal Classification | Baccah | Central Library | Central Library | First floor | 25/10/2010 | 1 | 1 | 341.33 FRE | 000021944 | 15/07/2025 | 27/11/2018 | Book - Borrowing |